000 00202nmm a2200085Ia 4500
008 150209s2015||||xx |||||||||||||||||und||
100 _aVINOD K PAUL
245 _aGHAI ESSENTIALS PEDIATRICS
942 _2ddc
_cCD
999 _c6024
_d6024